[Event "22. Copenhagen Open  (Politiken Cup)"]
[Site "Copenhagen"]
[Date "2000.07.27"]
[Round "10"]
[White "Lonborg, Morten"]
[Black "Bekker Jensen, David"]
[Result "0-1"]
[WhiteElo "2166"]
[BlackElo "2320"]
[PlyCount "100"]
[EventDate "2000.07.17"]
[EventType "swiss"]
[EventRounds "11"]
[EventCountry "DEN"]
[SourceDate "2004.01.01"]

1. d4 Nf6 2. c4 g6 3. Nc3 Bg7 4. e4 d6 5. Be2 O-O 6. Nf3 Na6 7. O-O e5 8. Re1
c6 9. Bf1 Bg4 10. Be3 Bxf3 11. Qxf3 Ng4 12. Qxg4 exd4 13. Bg5 f6 14. Bd2 dxc3
15. Bxc3 f5 16. Qh3 Nc5 17. Bxg7 Kxg7 18. exf5 Rxf5 19. Qc3+ Kg8 20. Rad1 Qf8
21. Qg3 Rf4 22. f3 a5 23. Rd2 Qf6 24. Red1 Rf8 25. Rxd6 Qxb2 26. Rd8 Qf6 27.
Rxf8+ Qxf8 28. Qg5 Rf6 29. Qd2 a4 30. Qa5 Kg7 31. Qc3 Qe7 32. Re1 Qd6 33. Qb2
Kg8 34. Re8+ Rf8 35. Rxf8+ Qxf8 36. Qe5 a3 37. f4 Qf5 38. Qe8+ Qf8 39. Qe5 Na4
40. Qe6+ Kg7 41. Qd7+ Qf7 42. Qd4+ Kh6 43. Qa7 Qe7 44. g4 Qc5+ 45. Qxc5 Nxc5
46. Be2 Ne4 47. Bd1 Nc3 48. Bb3 Ne2+ 49. Kf2 Nc1 50. g5+ Kg7 0-1

[Event "22. Copenhagen Open  (Politiken Cup)"]
[Site "Copenhagen"]
[Date "2000.07.27"]
[Round "10"]
[White "Madhy, Nezar"]
[Black "Hansen, Herluf"]
[Result "0-1"]
[WhiteElo "1682"]
[BlackElo "2047"]
[PlyCount "100"]
[EventDate "2000.07.17"]
[EventType "swiss"]
[EventRounds "11"]
[EventCountry "DEN"]
[SourceDate "2004.01.01"]

1. d4 Nf6 2. c4 g6 3. g3 Bg7 4. Bg2 c5 5. e3 O-O 6. Ne2 Nc6 7. O-O cxd4 8. exd4
d5 9. b3 Bf5 10. Bb2 Nb4 11. Na3 Nd3 12. Bc3 Rc8 13. f3 g5 14. f4 g4 15. Nc1
Nxc1 16. Rxc1 Qd7 17. Bb2 Ne4 18. Qe2 dxc4 19. Bxe4 Bxd4+ 20. Kg2 Bxe4+ 21.
Qxe4 Bxb2 22. Rcd1 Qc7 23. Nxc4 Bf6 24. Qf5 Qc6+ 25. Kg1 Qc5+ 26. Qxc5 Rxc5 27.
Rd7 b5 28. Ne3 h5 29. Rfd1 Rfc8 30. Nd5 Rc1 31. Ne3 a6 32. Kg2 e6 33. h3 gxh3+
34. Kxh3 Rxd1 35. Rxd1 Rc3 36. Nf1 Rc2 37. Rd2 Rxd2 38. Nxd2 Kg7 39. Ne4 Be7
40. Nc3 Bb4 41. Ne2 Bc5 42. Nc1 $11 Kg6 43. Nd3 Bd6 44. b4 Kf5 45. Kh4 Ke4 46.
Nc5+ Bxc5 47. bxc5 Kd5 48. Kxh5 f5 49. g4 fxg4 50. Kxg4 Kxc5 0-1

[Event "22. Copenhagen Open  (Politiken Cup)"]
[Site "Copenhagen"]
[Date "2000.07.27"]
[Round "10"]
[White "Malvild, Robert"]
[Black "Nielsen, Dagh"]
[Result "1/2-1/2"]
[WhiteElo "2029"]
[BlackElo "1576"]
[PlyCount "93"]
[EventDate "2000.07.17"]
[EventType "swiss"]
[EventRounds "11"]
[EventCountry "DEN"]
[SourceDate "2004.01.01"]

1. e4 c5 2. c4 Nc6 3. Ne2 g6 4. d4 cxd4 5. Nxd4 Nf6 6. Nc3 Bg7 7. Be3 O-O 8.
Be2 d6 9. O-O Bd7 10. Qd2 Nxd4 11. Bxd4 Bc6 12. f3 Nd7 13. Bxg7 Kxg7 14. Kh1 b6
15. b4 a5 16. a3 Ra7 17. f4 Kg8 18. f5 Qa8 19. Rae1 axb4 20. axb4 Ne5 21. Rf4
Ra1 22. Rh4 Rxe1+ 23. Qxe1 g5 24. Rh3 f6 25. Nd5 Bxd5 26. cxd5 Qa2 27. Rc3 Ra8
28. Bf1 Qb2 29. Rc1 Ra2 30. Rb1 Qc2 31. Rc1 Qb2 32. Qc3 Qxc3 33. Rxc3 Ng4 34.
Kg1 Nf2 35. Re3 Nd1 36. Re2 Rxe2 37. Bxe2 Nc3 38. Bd3 Na2 39. Kf2 Nxb4 40. Ke2
Nxd3 41. Kxd3 h5 $11 42. Kc4 Kf8 43. Kb5 Ke8 44. Kxb6 Kd8 45. Kc6 Kc8 46. g3
Kd8 47. h3 $11 1/2-1/2

[Event "22. Copenhagen Open  (Politiken Cup)"]
[Site "Copenhagen"]
[Date "2000.07.27"]
[Round "10"]
[White "Manley, Christian"]
[Black "Moller, Arne"]
[Result "1-0"]
[WhiteElo "1204"]
[BlackElo "2026"]
[PlyCount "79"]
[EventDate "2000.07.17"]
[EventType "swiss"]
[EventRounds "11"]
[EventCountry "DEN"]
[SourceDate "2004.01.01"]

1. d4 Nf6 2. c4 e6 3. g3 d5 4. cxd5 exd5 5. Bg2 Bf5 6. Nc3 c6 7. Nf3 Nbd7 8.
Bg5 h6 9. Bxf6 Qxf6 10. e3 Bd6 11. a3 O-O 12. O-O Qe7 13. Nd2 Nf6 14. Re1 Qd7
15. Qb3 Rfe8 16. Qa2 Rad8 17. b4 a6 18. Rac1 h5 19. Nf3 Bh3 20. Ng5 Bxg2 21.
Kxg2 h4 22. Nh3 Ne4 23. Qe2 Re6 24. Qg4 hxg3 25. hxg3 Nf6 26. Qf3 Ne4 27. Nxe4
dxe4 28. Qg4 Qe7 29. Rh1 Rg6 30. Qh5 Qf6 31. Rh2 Bc7 32. Rc5 Rh6 33. Qf5 Qxf5
34. Rxf5 Rhd6 35. Ng5 Rg6 36. Nxf7 Rf6 37. Rxf6 gxf6 38. Nxd8 Bxd8 39. Rh4 f5
40. Rf4 1-0

[Event "22. Copenhagen Open  (Politiken Cup)"]
[Site "Copenhagen"]
[Date "2000.07.27"]
[Round "10"]
[White "Mashiri, Arthur"]
[Black "Hansen, Ib Lyns"]
[Result "0-1"]
[WhiteElo "2045"]
[BlackElo "1769"]
[PlyCount "96"]
[EventDate "2000.07.17"]
[EventType "swiss"]
[EventRounds "11"]
[EventCountry "DEN"]
[SourceDate "2004.01.01"]

1. c4 g6 2. Nc3 Bg7 3. g3 Nf6 4. Bg2 c6 5. e4 d6 6. Nge2 O-O 7. O-O Nbd7 8. d3
Rb8 9. h3 b5 10. Nd4 Qb6 11. Be3 Ng4 12. hxg4 Bxd4 13. Bxd4 Qxd4 14. cxb5 cxb5
15. Nd5 Re8 16. Qe2 Ne5 17. Ne3 Qxd3 18. Qxd3 Nxd3 19. f4 Nxb2 20. Rab1 Na4 21.
f5 Nc3 22. Rb3 b4 23. Nc2 a5 24. a3 Ba6 25. Ra1 Bd3 26. axb4 Ne2+ 27. Kf2 Bxc2
28. Rb2 Nd4 29. Ke3 Rxb4 30. Rxb4 Nxf5+ 31. gxf5 axb4 32. Kd2 b3 33. fxg6 hxg6
34. Kc3 Rc8+ 35. Kb2 Kg7 36. Ra7 Kf6 37. Bf3 Rc5 38. Ra4 Rg5 39. g4 Re5 40. Kc3
Kg5 41. Rb4 Kf4 42. Bh1 Kxg4 43. Kd2 Kf4 44. Kc3 g5 45. Rb8 g4 46. Rf8 f6 47.
Rb8 g3 48. Bg2 Ke3 0-1

[Event "22. Copenhagen Open  (Politiken Cup)"]
[Site "Copenhagen"]
[Date "2000.07.27"]
[Round "10"]
[White "Matthiesen, Martin"]
[Black "Kragh, Niels Kristian"]
[Result "1/2-1/2"]
[WhiteElo "2300"]
[BlackElo "1966"]
[PlyCount "74"]
[EventDate "2000.07.17"]
[EventType "swiss"]
[EventRounds "11"]
[EventCountry "DEN"]
[SourceDate "2004.01.01"]

1. d4 b6 2. e4 Bb7 3. Nc3 e6 4. Nf3 Nf6 5. Bg5 Be7 6. Bd3 h6 7. Bd2 c5 8. dxc5
Bxc5 9. Qe2 d5 10. exd5 Nxd5 11. O-O-O Nd7 12. g4 Qc7 13. Nxd5 Bxd5 14. c4 Bb7
15. Be4 O-O-O 16. Bxb7+ Kxb7 17. Kb1 Rhe8 18. Bc3 f6 19. Nd4 Bxd4 20. Bxd4 e5
21. Be3 Nc5 22. Bxc5 Qxc5 23. Qe4+ Qc6 24. Rd5 Rxd5 25. cxd5 Qd6 26. Rd1 Rc8
27. h4 Rc5 28. b4 Rc7 29. Kb2 Rc8 30. h5 Rc7 31. Rd3 Rd7 32. Kc2 Qc7+ 33. Kd2
Rd6 34. a4 a6 35. Qf5 Qc4 36. Qg6 Qxb4+ 37. Ke2 Rd7 1/2-1/2

[Event "22. Copenhagen Open  (Politiken Cup)"]
[Site "Copenhagen"]
[Date "2000.07.27"]
[Round "10"]
[White "Maechel, Michael"]
[Black "Radovic, Slobodan"]
[Result "1-0"]
[WhiteElo "1611"]
[BlackElo "1389"]
[PlyCount "123"]
[EventDate "2000.07.17"]
[EventType "swiss"]
[EventRounds "11"]
[EventCountry "DEN"]
[SourceDate "2004.01.01"]

1. e4 c5 2. Nf3 d6 3. d4 cxd4 4. Nxd4 Nf6 5. Nc3 a6 6. Be3 e5 7. Nb3 b5 8. f3
Bb7 9. Be2 Nbd7 10. O-O Nb6 11. Na5 Qc7 12. Nxb7 Qxb7 13. a3 d5 14. exd5 Nbxd5
15. Nxd5 Nxd5 16. Bf2 Rd8 17. Qe1 Nf4 18. Rd1 Be7 19. Rxd8+ Bxd8 20. Bg3 Bb6+
21. Kh1 Nxe2 22. Qxe2 f6 23. f4 e4 24. Re1 f5 25. Qh5+ Qf7 26. Qxf7+ Kxf7 27.
Rd1 Rd8 28. Rxd8 Bxd8 29. Kg1 g5 30. Kf1 Bc7 31. fxg5 Bxg3 32. hxg3 Ke6 33. Kf2
Ke5 34. Ke3 Kd5 35. b3 a5 36. c3 Ke5 37. c4 bxc4 38. bxc4 a4 39. c5 Kd5 40. c6
Kxc6 41. g4 fxg4 42. Kxe4 Kc5 43. Kf5 Kc4 44. Kf6 Kb3 45. Kg7 Kxa3 46. Kxh7 Kb2
47. g6 a3 48. g7 a2 49. g8=Q a1=Q 50. Qg7+ Kb1 51. Qxa1+ Kxa1 52. Kg6 Kb2 53.
g3 Kc3 54. Kf5 Kd4 55. Kxg4 Ke5 56. Kg5 Ke6 57. Kg6 Ke7 58. Kg7 Ke6 59. g4 Ke7
60. g5 Ke8 61. g6 Ke7 62. Kh7 1-0

[Event "22. Copenhagen Open  (Politiken Cup)"]
[Site "Copenhagen"]
[Date "2000.07.27"]
[Round "10"]
[White "Molvig, Henrik"]
[Black "Ronsted, Torben"]
[Result "1-0"]
[WhiteElo "2224"]
[BlackElo "2114"]
[PlyCount "55"]
[EventDate "2000.07.17"]
[EventType "swiss"]
[EventRounds "11"]
[EventCountry "DEN"]
[SourceDate "2004.01.01"]

1. d4 d5 2. c4 c6 3. Nf3 Nf6 4. Nc3 dxc4 5. a4 Bf5 6. Ne5 Nbd7 7. Nxc4 Qc7 8.
g3 e5 9. dxe5 Nxe5 10. Bf4 Nfd7 11. Qd4 f6 12. Rd1 Rd8 13. Qxa7 Bc5 14. Rxd7
Bxf2+ 15. Qxf2 Qxd7 16. Qc5 Nxc4 17. Qxc4 Be6 18. Qb4 g5 19. Bc1 Bh3 20. Qe4+
Kf7 21. Bxh3 Qxh3 22. Qf3 g4 $11 23. Qf4 Qg2 24. Rf1 Rhe8 25. Qxf6+ Kg8 26.
Qf7+ Kh8 27. Bh6 Rd1+ 28. Kxd1 1-0

[Event "22. Copenhagen Open  (Politiken Cup)"]
[Site "Copenhagen"]
[Date "2000.07.27"]
[Round "10"]
[White "Nicolaisen, Jeppe"]
[Black "Howe, Dennis"]
[Result "1/2-1/2"]
[WhiteElo "2040"]
[BlackElo "2015"]
[PlyCount "71"]
[EventDate "2000.07.17"]
[EventType "swiss"]
[EventRounds "11"]
[EventCountry "DEN"]
[SourceDate "2004.01.01"]

1. e4 e5 2. Nf3 Nc6 3. Nc3 d6 4. d4 Bg4 5. Bb5 exd4 6. Qxd4 Bxf3 7. gxf3 a6 8.
Bxc6+ bxc6 9. Qa4 Qd7 10. Be3 c5 11. Qa5 Ne7 12. O-O-O Qc6 13. Rhg1 Rb8 14.
Rde1 Qb7 15. Qa4+ Qc6 16. Qxc6+ Nxc6 17. Nd5 Nb4 18. Nc3 g6 19. a3 Nc6 20. Nd5
Bg7 21. c3 Rb7 22. f4 Kd7 23. f5 Rhb8 24. Re2 Ne5 25. f6 Bh8 26. Rd1 Nc4 27.
Bxc5 Nxb2 28. Ba7 Rxa7 29. Rxb2 Rxb2 30. Kxb2 c6 31. Ne3 Bxf6 32. Nc4 Be7 33.
Nxd6 Bxd6 34. e5 Rb7+ 35. Kc2 Kc7 36. Rxd6 1/2-1/2

[Event "22. Copenhagen Open  (Politiken Cup)"]
[Site "Copenhagen"]
[Date "2000.07.27"]
[Round "10"]
[White "Nielsen, Jan Mose"]
[Black "Berg, Olaf"]
[Result "1-0"]
[WhiteElo "2030"]
[BlackElo "1795"]
[PlyCount "95"]
[EventDate "2000.07.17"]
[EventType "swiss"]
[EventRounds "11"]
[EventCountry "DEN"]
[SourceDate "2004.01.01"]

1. d4 Nf6 2. Bg5 Ne4 3. h4 d5 4. Nd2 Nd6 5. e3 h6 6. Bf4 e6 7. Ngf3 b6 8. c3 c5
9. b4 c4 10. a4 a6 11. Qc2 Bb7 12. g4 b5 13. a5 Nc6 14. Bh3 Be7 15. g5 hxg5 16.
hxg5 Qd7 17. Rh2 O-O-O 18. Ke2 Nf5 19. Rah1 Rhg8 20. Bg4 g6 21. Rh7 Rdf8 22.
Nf1 Qd8 23. Qb1 Bd6 24. Bxd6 Nxd6 25. N1d2 Kb8 26. Qg1 Ka8 27. Qg3 Ne4 28. Nxe4
dxe4 29. Nd2 Qxg5 30. Nxe4 Nxd4+ 31. exd4 Bxe4 32. Bf3 Qd5 33. R1h4 Bxf3+ 34.
Qxf3 Qxf3+ 35. Kxf3 Kb7 36. Rf4 Kc6 $11 37. Rhxf7 Ra8 38. Ke4 Kd6 39. Rb7 Rab8
40. Ra7 Ra8 41. Rff7 Rgd8 42. Rfd7+ Rxd7 43. Rxa8 Ke7 44. Rxa6 Rd5 45. Rb6 Rh5
46. a6 Rh4+ 47. Ke3 Rh1 48. Rxb5 1-0

[Event "22. Copenhagen Open  (Politiken Cup)"]
[Site "Copenhagen"]
[Date "2000.07.27"]
[Round "10"]
[White "Nielsen, Rune"]
[Black "Thomsen, Heinrich Kirch"]
[Result "1-0"]
[WhiteElo "1611"]
[BlackElo "1432"]
[PlyCount "65"]
[EventDate "2000.07.17"]
[EventType "swiss"]
[EventRounds "11"]
[EventCountry "DEN"]
[SourceDate "2004.01.01"]

1. d4 Nf6 2. c4 g6 3. Nc3 Bg7 4. Nf3 O-O 5. e3 d6 6. Be2 Nbd7 7. O-O e5 8. d5
a5 9. e4 Nc5 10. Qc2 Nh5 11. Ne1 Nf4 12. Bxf4 exf4 13. Nd3 Nxd3 14. Qxd3 f5 15.
Bf3 g5 16. exf5 Bxf5 17. Be4 Bxe4 18. Nxe4 b6 19. Qe2 Re8 20. Rae1 Qd7 21. b3
Qf5 22. Qd3 Kh8 23. c5 Re5 24. cxb6 Rxd5 25. Qc4 cxb6 26. Qc6 Rc8 27. Qxb6 Be5
28. Qb7 Rf8 29. Qxd5 f3 30. Ng3 Bxg3 31. Qxf5 Rxf5 32. fxg3 g4 33. gxf3 1-0

[Event "22. Copenhagen Open  (Politiken Cup)"]
[Site "Copenhagen"]
[Date "2000.07.27"]
[Round "10"]
[White "Nielsen, Simon Saito"]
[Black "Hau, Helge"]
[Result "1-0"]
[WhiteElo "2138"]
[BlackElo "1427"]
[PlyCount "121"]
[EventDate "2000.07.17"]
[EventType "swiss"]
[EventRounds "11"]
[EventCountry "DEN"]
[SourceDate "2004.01.01"]

1. d4 f5 2. c4 Nf6 3. Nf3 e6 4. g3 c6 5. Bg2 Be7 6. O-O d6 7. Qc2 Ne4 8. b3 d5
9. Ba3 Bxa3 10. Nxa3 O-O 11. e3 Qe7 12. Qb2 Nd7 13. b4 a6 14. c5 Rb8 15. Nc2 g5
16. Rfd1 g4 17. Nh4 Ndf6 18. a4 Bd7 19. Ne1 Be8 20. Nd3 Nd7 21. Ra3 b6 22. cxb6
Nxb6 23. Ne5 Nc4 24. Nxc4 dxc4 25. Bxe4 fxe4 26. Qc2 Qxb4 27. Rc3 Qb2 28. Rxc4
Qxc2 29. Rxc2 Rb4 30. Ra1 a5 31. Rc5 Rb2 32. Rf1 h6 33. Rxa5 Rb4 34. Re5 Rf6
35. Rxe4 h5 36. Ra1 c5 37. Ng2 Bc6 38. Re5 cxd4 39. exd4 Bxa4 40. Rxh5 Rxd4 41.
Nf4 Rd1+ 42. Rxd1 Bxd1 43. Re5 Kf7 44. h3 gxh3 45. Nxh3 Rf5 46. Re3 Kf6 47. Kg2
Ba4 48. g4 Rc5 49. f4 Bc6+ 50. Kg3 Rc2 51. g5+ Ke7 52. f5 Bd7 53. Nf4 Rc6 54.
Ng6+ Kd8 55. f6 Be8 56. Rd3+ Kc7 57. Ne5 Rc5 58. Kf4 Rd5 59. Rxd5 exd5 60. g6
Kd6 61. g7 1-0

[Event "22. Copenhagen Open  (Politiken Cup)"]
[Site "Copenhagen"]
[Date "2000.07.27"]
[Round "10"]
[White "Nielsen, Thomas"]
[Black "Paaske, Asger"]
[Result "0-1"]
[WhiteElo "1809"]
[BlackElo "2038"]
[PlyCount "60"]
[EventDate "2000.07.17"]
[EventType "swiss"]
[EventRounds "11"]
[EventCountry "DEN"]
[SourceDate "2004.01.01"]

1. c4 Nf6 2. Nc3 d5 3. cxd5 Nxd5 4. g3 c5 5. Bg2 Nc7 6. Nf3 Nc6 7. O-O e5 8. d3
Be7 9. a3 Be6 10. Rb1 O-O 11. Be3 Nd5 12. Ne4 Nxe3 13. fxe3 Rc8 14. Qa4 f6 15.
Rfc1 Qb6 16. Qc2 Na5 17. Nfd2 c4 18. Nxc4 Nxc4 19. dxc4 Qxe3+ 20. Kh1 Rxc4 21.
Nc3 b6 22. Rd1 Rd4 23. Rxd4 Qxd4 24. Rd1 Qc4 25. Bd5 Bxd5+ 26. Rxd5 Bc5 27. Qf5
Bd4 28. Qe6+ Kh8 29. Ne4 Qxe2 30. Qf5 g6 0-1

[Event "22. Copenhagen Open  (Politiken Cup)"]
[Site "Copenhagen"]
[Date "2000.07.27"]
[Round "10"]
[White "Pedersen, Steen"]
[Black "Nielsen, Jens Holm"]
[Result "0-1"]
[WhiteElo "1755"]
[BlackElo "2060"]
[PlyCount "66"]
[EventDate "2000.07.17"]
[EventType "swiss"]
[EventRounds "11"]
[EventCountry "DEN"]
[SourceDate "2004.01.01"]

1. e4 e5 2. d4 exd4 3. Nf3 Nc6 4. Bc4 Nf6 5. e5 d5 6. Bb5 Ne4 7. Nxd4 Bd7 8.
Nxc6 bxc6 9. Bd3 Ng5 10. O-O Ne6 11. f4 Nc5 12. f5 Nxd3 13. cxd3 g6 14. e6 fxe6
15. fxe6 Bxe6 16. Re1 Kd7 17. Nc3 Bd6 18. Rxe6 Kxe6 19. Qg4+ Kf7 20. Bg5 Qe8
21. Nxd5 cxd5 22. Qf3+ Kg8 23. Qxd5+ Kg7 24. Rf1 Rf8 25. Rxf8 Bxf8 26. Qd4+ Kg8
27. Qd5+ Kh8 28. Bf6+ Bg7 29. Bxg7+ Kxg7 30. Qd4+ Kf7 31. Qc4+ Qe6 32. Qxc7+
Kg8 33. Qa5 Qe3+ 0-1

[Event "22. Copenhagen Open  (Politiken Cup)"]
[Site "Copenhagen"]
[Date "2000.07.27"]
[Round "10"]
[White "Petersen, Lars"]
[Black "Grahn, Lars"]
[Result "0-1"]
[WhiteElo "2097"]
[BlackElo "2105"]
[PlyCount "84"]
[EventDate "2000.07.17"]
[EventType "swiss"]
[EventRounds "11"]
[EventCountry "DEN"]
[SourceDate "2004.01.01"]

1. Nf3 d5 2. d4 Nf6 3. Bf4 c5 4. c3 Nc6 5. e3 Qb6 6. Qb3 c4 7. Qc2 Bf5 8. Qc1
h6 9. h3 e6 10. Nbd2 Be7 11. Be2 O-O 12. O-O Qa5 13. Bd1 b5 14. a3 Qb6 15. Bc2
Bxc2 16. Qxc2 a5 17. Ne5 Nxe5 18. Bxe5 Nd7 19. Bg3 f5 20. f3 Bd6 21. Bxd6 Qxd6
22. e4 Qg3 23. e5 f4 24. Rfe1 Rfc8 25. Nf1 Qg5 26. Qd2 Qf5 27. g4 fxg3 28. Kg2
Rf8 29. Qe3 g5 30. Nxg3 Qg6 31. Rf1 Rf4 32. Rf2 Raf8 33. Raf1 Nb6 34. Qd2 Nc8
35. Ne2 Rh4 36. Ng3 Ne7 37. f4 g4 38. Qc2 Nf5 39. Nxf5 Rxf5 40. Kh1 Rxh3+ 41.
Kg2 Qh5 42. Rg1 g3 0-1

[Event "22. Copenhagen Open  (Politiken Cup)"]
[Site "Copenhagen"]
[Date "2000.07.27"]
[Round "10"]
[White "Petersen, Nils"]
[Black "Kokholm, Daniel"]
[Result "1/2-1/2"]
[WhiteElo "2038"]
[BlackElo "1732"]
[PlyCount "38"]
[EventDate "2000.07.17"]
[EventType "swiss"]
[EventRounds "11"]
[EventCountry "DEN"]
[SourceDate "2004.01.01"]

1. c4 e6 2. Nc3 b6 3. e4 Bb7 4. d4 d6 5. f4 Nd7 6. Nf3 c5 7. d5 exd5 8. cxd5 a6
9. a4 Qc7 10. Be2 Be7 11. O-O Ngf6 12. Kh1 O-O 13. Qd3 Rac8 14. b3 Ne8 15. Bb2
Bf6 16. g4 g6 17. Nd1 Bxb2 18. Nxb2 f6 19. Nd2 Ng7 1/2-1/2

[Event "22. Copenhagen Open  (Politiken Cup)"]
[Site "Copenhagen"]
[Date "2000.07.27"]
[Round "10"]
[White "Petersen, Steen"]
[Black "Schyberg, Brian"]
[Result "1-0"]
[WhiteElo "2162"]
[BlackElo "2010"]
[PlyCount "79"]
[EventDate "2000.07.17"]
[EventType "swiss"]
[EventRounds "11"]
[EventCountry "DEN"]
[SourceDate "2004.01.01"]

1. d4 f5 2. Bg5 d6 3. e4 fxe4 4. Nc3 Bf5 5. f3 e3 6. Bd3 Qd7 7. Nge2 Nc6 8. a3
g6 9. h4 Bg7 10. Bc4 Nf6 11. Bxe3 h5 12. Qd2 a6 13. Ng3 e6 14. Nce2 e5 15.
O-O-O b5 16. Bd3 Bxd3 17. Qxd3 Qf7 18. Rhe1 O-O 19. d5 Ne7 20. Nc3 b4 21. axb4
Rfb8 22. Qc4 c6 23. Nge4 Nfxd5 24. Nxd6 Qe6 25. Bc5 a5 26. b5 Bh6+ 27. Kb1 Nf4
28. Rxe5 Qxc4 29. Nxc4 cxb5 30. Nd6 Nc6 31. Re4 b4 32. Ncb5 Nxg2 33. Rg1 Nf4
34. Nc7 Kh7 35. Nxa8 Rxa8 36. Nf7 Nd5 37. Nxh6 Kxh6 38. Re6 Nf4 39. Be3 Rf8 40.
Rxc6 1-0

[Event "22. Copenhagen Open  (Politiken Cup)"]
[Site "Copenhagen"]
[Date "2000.07.27"]
[Round "10"]
[White "Psakhis, Lev"]
[Black "Ward, Christopher"]
[Result "1/2-1/2"]
[WhiteElo "2611"]
[BlackElo "2508"]
[PlyCount "47"]
[EventDate "2000.07.17"]
[EventType "swiss"]
[EventRounds "11"]
[EventCountry "DEN"]
[SourceDate "2004.01.01"]

1. e4 c5 2. Nf3 d6 3. d4 cxd4 4. Nxd4 Nf6 5. Nc3 g6 6. Be3 Bg7 7. f3 Nc6 8. Qd2
O-O 9. O-O-O Be6 10. Kb1 Nxd4 11. Bxd4 Qc7 12. h4 Rfc8 13. h5 Qa5 14. h6 Bh8
15. a3 Nd7 16. Nd5 Qxd2 17. Rxd2 Bxd5 18. exd5 Bxd4 19. Rxd4 f5 20. g4 fxg4 21.
fxg4 Ne5 22. g5 Nf3 23. Rg4 Rc5 24. Bg2 1/2-1/2

[Event "22. Copenhagen Open  (Politiken Cup)"]
[Site "Copenhagen"]
[Date "2000.07.27"]
[Round "10"]
[White "Rasmussen, Allan Stig"]
[Black "Laursen, Niels Norskov"]
[Result "1-0"]
[WhiteElo "2199"]
[BlackElo "2079"]
[PlyCount "139"]
[EventDate "2000.07.17"]
[EventType "swiss"]
[EventRounds "11"]
[EventCountry "DEN"]
[SourceDate "2004.01.01"]

1. e4 e5 2. Nf3 Nf6 3. d4 Nxe4 4. Bd3 d5 5. Nxe5 Bd6 6. O-O O-O 7. f3 Nf6 8. c4
c5 9. Be3 Re8 10. f4 Qb6 11. Nc3 Nbd7 12. cxd5 cxd4 13. Nc4 Qc5 14. Bf2 Bxf4
15. Kh1 Be3 16. Nxe3 dxe3 17. Bh4 Qb4 18. Qe1 a6 19. Bg5 Qxb2 20. Rb1 Qd2 21.
Qxd2 exd2 22. Rbd1 b5 23. Rxd2 Bb7 24. Bf5 h6 25. Bh4 Re3 26. Nd1 Re5 27. d6
Rd8 28. Rc2 Bd5 29. Bh3 Rh5 30. Bxd7 Rxh4 31. Rc8 Rxc8 32. Bxc8 Bc6 33. Nc3 Rd4
34. Bxa6 Rxd6 35. Bxb5 Bxb5 36. Nxb5 Ra6 37. Ra1 Nd5 38. a4 Nb6 39. Nc3 Nc4 40.
Kg1 g6 41. Kf2 Kg7 42. Ke2 f5 43. Kd3 Na5 44. Rb1 g5 45. Nd5 Kg6 46. Kd4 h5 47.
Rb6+ Rxb6 48. Nxb6 f4 49. Nc4 Nb3+ 50. Ke5 Nc5 51. a5 Nd3+ 52. Kd4 Nb4 53. Kc5
Na6+ 54. Kb6 Nb8 55. Kb7 Nd7 56. Ne5+ Nxe5 57. a6 f3 58. gxf3 Nxf3 59. a7 Nxh2
60. a8=Q Nf3 61. Qe8+ Kf5 62. Qxh5 Kf4 63. Qh3 g4 64. Qg2 g3 65. Kc6 Kg4 66.
Qe2 Kf4 67. Kd5 Nh4 68. Qe4+ Kg5 69. Qh1 Kg4 70. Qe4+ 1-0

[Event "22. Copenhagen Open  (Politiken Cup)"]
[Site "Copenhagen"]
[Date "2000.07.27"]
[Round "10"]
[White "Resika, Nathan A"]
[Black "Mortensen, Henrik"]
[Result "1-0"]
[WhiteElo "2267"]
[BlackElo "2089"]
[PlyCount "77"]
[EventDate "2000.07.17"]
[EventType "swiss"]
[EventRounds "11"]
[EventCountry "DEN"]
[SourceDate "2004.01.01"]

1. e4 d5 2. exd5 Qxd5 3. Nc3 Qa5 4. d4 c6 5. Nf3 Nf6 6. Bc4 Bf5 7. Ne5 e6 8. g4
Bg6 9. h4 Nbd7 10. Nxd7 Nxd7 11. h5 Be4 12. Rh3 Bd5 13. Bd3 O-O-O 14. Bd2 Qc7
15. Nxd5 exd5 16. Qf3 Re8+ 17. Be3 Nf6 18. O-O-O Bd6 19. h6 Bf8 20. Kb1 Ne4 21.
c4 Qd7 22. Rh5 g6 23. cxd5 gxh5 24. Bxe4 Rxe4 25. Qxe4 Qxg4 26. Qe8+ Kc7 27.
Qxf7+ Kb6 28. Rc1 Qg6+ 29. Qxg6 hxg6 30. dxc6 bxc6 31. d5+ c5 32. b4 Bxh6 33.
bxc5+ Kc7 34. Re1 Bxe3 35. Rxe3 h4 36. Re7+ Kb8 37. d6 h3 38. d7 Kc7 39. Re8
1-0

[Event "22. Copenhagen Open  (Politiken Cup)"]
[Site "Copenhagen"]
[Date "2000.07.27"]
[Round "10"]
[White "Rosenberg, Jan"]
[Black "Nielsen, Anders Bodholt"]
[Result "0-1"]
[WhiteElo "1625"]
[BlackElo "2055"]
[PlyCount "150"]
[EventDate "2000.07.17"]
[EventType "swiss"]
[EventRounds "11"]
[EventCountry "DEN"]
[SourceDate "2004.01.01"]

1. e4 c5 2. c3 Nf6 3. e5 Nd5 4. d4 cxd4 5. Nf3 e6 6. cxd4 Nc6 7. Bc4 Nb6 8. Bb3
d6 9. O-O Be7 10. Nc3 d5 11. a3 a6 12. Qd3 Bd7 13. Nd2 f6 14. f4 f5 15. Kh1 Na7
16. Qh3 Bb5 17. Nxb5 Nxb5 18. Nf3 Qd7 19. a4 Na7 20. a5 Nbc8 21. Ba4 Nc6 22.
Bd2 N8a7 23. g4 g6 24. gxf5 exf5 25. e6 Qd6 26. Rae1 O-O-O 27. Ne5 Nxe5 28.
Rxe5 Bf6 29. Bd7+ Kb8 30. Qb3 Bxe5 31. fxe5 Qc7 32. Rc1 Rxd7 33. Rxc7 Rxc7 34.
Qxd5 Nc6 35. e7 Rxe7 36. Bg5 Rd8 37. Qc5 Red7 38. Bxd8 Rxd8 39. d5 Nxe5 40. d6
Nc6 41. Qd5 Rd7 42. Kg2 Nd8 43. Qe5 Kc8 44. h4 Nf7 45. Qe8+ Nd8 46. Qf8 Rf7 47.
Qe8 Rd7 48. Qe5 Nf7 49. Qe8+ Nd8 $11 50. Kf3 Rxd6 51. Qg8 Rd7 52. Qh8 Re7 53.
Kf4 Kc7 54. Qc3+ Nc6 55. Kg5 Kd6 56. b4 Re4 57. Kf6 Nxb4 58. Kf7 Nd5 59. Qc8
$11 f4 60. Qd8+ Kc5 61. Qc8+ Kd4 62. Qc2 f3 63. Qd2+ Ke5 64. Qg5+ Kd6 65. Qd8+
Kc5 66. Qc8+ Kd4 67. Qc2 Rf4+ 68. Ke6 Rf6+ 69. Kd7 f2 70. Qd2+ Ke4 71. Qc2+ Kf3
72. Qd1+ Kg3 73. Qb3+ Kh2 74. Qb2 Kh1 75. Qxb7 Rf7+ 0-1

[Event "22. Copenhagen Open  (Politiken Cup)"]
[Site "Copenhagen"]
[Date "2000.07.27"]
[Round "10"]
[White "Rytter, Morten"]
[Black "Nilsson, Lars Kjoller"]
[Result "0-1"]
[WhiteElo "1576"]
[BlackElo "2061"]
[PlyCount "76"]
[EventDate "2000.07.17"]
[EventType "swiss"]
[EventRounds "11"]
[EventCountry "DEN"]
[SourceDate "2004.01.01"]

1. d4 Nf6 2. c4 c5 3. d5 b5 4. cxb5 a6 5. Nc3 axb5 6. e4 b4 7. Nb5 d6 8. Bd3 g6
9. f4 Bb7 10. Nf3 Bg7 11. O-O O-O 12. a4 Qb6 13. Kh1 Nbd7 14. Ra2 e6 15. dxe6
fxe6 16. Nd2 Qc6 17. b3 d5 18. exd5 exd5 19. Rc2 Nh5 20. f5 Ne5 21. Be2 d4 22.
Nf3 Rad8 23. Bd3 Nxd3 24. Qxd3 Rxf5 25. Re1 Qf6 26. Bg5 Rxg5 27. Nxg5 Qxg5 28.
Qc4+ Bd5 29. Qxc5 Bxg2+ 30. Kg1 Bd5+ 31. Kf1 Qf5+ 32. Kg1 Nf4 33. h4 Qg4+ 34.
Kf1 Qh3+ 35. Kg1 Qg3+ 36. Kf1 Qf3+ 37. Kg1 Qh1+ 38. Kf2 Nd3+ 0-1